000 00808nam a2200241Ia 4500
003 OSt
005 20220923223852.0
006 a|||||r|||| 00| 0
007 ta
008 220922b |||||||| |||| 00| 0 hin d
024 _a222,583
037 _cTextual
040 _aARTS
_cARTS
_bhin
041 _2hin
_ahin
082 _aY15, 152P2
100 _aशर्मा, क्षमा
_9156290
245 0 _aस्´ीत्ववादी विमर्शः समाज और साहित्य
246 _aS´ītvavādī vimarshah samāj aur sāhitya
260 _aनयी दिल्ली
_b राजकमल प्रकाशन
_c2002
300 _a167पृ.
_ccm.
942 _hY15, 152P2
_cTEXL
_2CC
999 _c367871
_d367871